LEADER 01177nam0-2200397---450- 001 990004269410403321 005 20090303115039.0 035 $a000426941 035 $aFED01000426941 035 $a(Aleph)000426941FED01 035 $a000426941 100 $a19990604d1981----km-y0itay50------ba 101 0 $aita 102 $aIT 105 $ay-------00-cd 200 1 $aSalvatorelli storico$fA. Agnelli, A. Colombo, L. Compagna ... [et al.]$ga cura di Fulvio Tessitore 210 $aNapoli$cEdizioni Scientifiche Italiane$dc1981 215 $a170 p.$d21 cm 225 1 $a<>cultura delle idee$v5 610 0 $aSalvatorelli, Luigi 676 $a907.2$v21$zita 702 1$aAgnelli,$bArduino$f<1932- > 702 1$aColombo,$bArturo$f<1934- > 702 1$aCompagna,$bLuigi$f<1948- > 702 1$aTessitore,$bFulvio$f<1937- > 801 0$aIT$bUNINA$gRICA$2UNIMARC 901 $aBK 912 $a990004269410403321 952 $a907.2 SAL 1$bBibl.21162$fFLFBC 952 $aSE 092.07.35-$b5057$fDECSE 952 $aI A 50$b1596$fNAP02 959 $aFLFBC 959 $aDECSE 959 $aNAP02 996 $aSalvatorelli storico$9490591 997 $aUNINA LEADER 03452nam 2200637Ia 450 001 9910455466703321 005 20200520144314.0 010 $a1-280-45310-9 010 $a0-19-535519-9 010 $a0-585-16075-9 035 $a(CKB)111004366528004 035 $a(EBL)271129 035 $a(OCoLC)567929625 035 $a(SSID)ssj0000117477 035 $a(PQKBManifestationID)11141814 035 $a(PQKBTitleCode)TC0000117477 035 $a(PQKBWorkID)10043407 035 $a(PQKB)11612636 035 $a(MiAaPQ)EBC271129 035 $a(Au-PeEL)EBL271129 035 $a(CaPaEBR)ebr10142337 035 $a(CaONFJC)MIL45310 035 $a(OCoLC)936850026 035 $a(EXLCZ)99111004366528004 100 $a19960607d1997 uy 0 101 0 $aeng 135 $aur|n|---||||| 181 $ctxt 182 $cc 183 $acr 200 10$aCanons in conflict$b[electronic resource] $enegotiating texts in true and false prophecy /$fJames E. Brenneman 210 $aNew York $cOxford University Press$d1997 215 $a1 online resource (247 p.) 300 $aDescription based upon print version of record. 311 $a0-19-510909-0 320 $aIncludes bibliographical references (p. 197-217) and index. 327 $aContents; Abbreviations; Introduction: Engaging the Battle; PART I: CONTRADICTION, COMMUNITY, AND CANON; 1 Contradiction and Intertextuality; Prophet against Prophet; Contradiction: The Nature of Reality and Canonical Process; Intertextuality and Canonical Hermeneutics; Conclusions: Canon and Chaos; 2 Reader Response and Community of Interpretation; The Bible as Story; Reader-Response Criticism; The Community of Interpretation; Conclusions: The Readers' Canon; 3 The Fall and Rise of Canons; The Fall of the Canon: The Problem of Canon; The Rise of Canons and Their Canonical Communities 327 $aConclusions: God and Canon PowerPART II: NEGOTIATING READINGS IN TRUE AND FALSE PROPHECY; 4 True and False Prophecy in Canonical Criticism; The Unfolding Story of Research in True and False Prophecy; The Ethos of Mythos and the Politics of Canon; Conclusions: Truth in Canon Politics; 5 Swords into Plowshares into Swords; Negotiating Readings: Rationale and Method; Tradition-Gestalt and the Reader; The Tradition-Gestalt of the Plowshare Passages; Canon as Function: Diachronic Readings of the Plowshare Passages; Canon as Context: Synchronic Reading of the Plowshare Passages 327 $aConclusions: Canon Hermeneutics6 A Final Reading: Which Prophet? Whose Truth?; Postscript: Instead of a Conclusion; ""Here I Stand"": Under the Authority of the Community; Notes; Bibliography; Index; A; B; C; D; E; F; G; H; I; J; K; L; M; N; O; P; Q; R; S; T; U; V; W; Y; Z 330 $aThis text examines current literary theory and theological discussions and then applies these theories to a consideration of true and false biblical prophecy to reach an integrative resolution of authority and canon in a pluralistic context. 606 $aCanon (Literature) 606 $aProphecy 608 $aElectronic books. 615 0$aCanon (Literature) 615 0$aProphecy. 676 $a220.12 676 $a220.12 676 $a262.9 700 $aBrenneman$b James E.$f1954-$0942166 801 0$bMiAaPQ 801 1$bMiAaPQ 801 2$bMiAaPQ 906 $aBOOK 912 $a9910455466703321 996 $aCanons in conflict$92125822 997 $aUNINA LEADER 00981nam a2200301 i 4500 001 991000995759707536 005 20020507104912.0 008 970307s1970 us ||| | eng 020 $a0471050334 035 $ab1015887x-39ule_inst 035 $aLE00640356$9ExL 040 $aDip.to Fisica$bita 084 $a621.3.1 084 $a621.3.2 084 $a621.3815'34 084 $aTK7868.P8 100 1 $aBarna, Arpad$030904 245 10$aHigh-speed pulse circuits /$cArpad Barna 260 $aNew York :$bWiley-Interscience,$c1970 300 $axi, 169 p. :$bill. ;$c22 cm. 500 $aBibliography : p. 161-163. 650 4$aPulse circuits 907 $a.b1015887x$b21-09-06$c27-06-02 912 $a991000995759707536 945 $aLE006 621.3.1+621.3.2 BAR$g1$i2006000054386$lle006$o-$pE0.00$q-$rl$s- $t0$u0$v0$w0$x0$y.i10192803$z27-06-02 996 $aHigh-speed pulse circuits$9187564 997 $aUNISALENTO 998 $ale006$b01-01-97$cm$da $e-$feng$gus $h0$i1 LEADER 01055cam0-22003371i-450 001 990001672860403321 005 20260305104054.0 035 $a000167286 035 $aFED01000167286 035 $a(Aleph)000167286FED01 035 $a000167286 100 $a20030910d1911----km-y0itay50------ba 101 0 $aita 102 $aIT 105 $ay-------001yy 200 1 $a<>trattati di commercio, dogana e navigazione fra l'Italia e gli altri Stati in vigore al 1 settembre 1911$fMinistero delle Finanze 210 $aRoma$cTip. Civelli$d1911 215 $a2 v.$d30 cm 610 0 $aDogane 676 $a350.727 710 02$aItalia.$bMinistero delle finanze$0356818 801 0$aIT$bUNINA$gRICA$2UNIMARC 901 $aBK 912 $a990001672860403321 952 $aSE 055.01.24-$b035479$fDECSE 952 $a60 337 A 1$b22812/13$fFAGBC 959 $aDECSE 959 $aFAGBC 996 $aTrattati di commercio, dogana e navigazione fra l'Italia e gli altri Stati in vigore al 1 settembre 1911$9370826 997 $aUNINA DB $aING01